000 00525nam a22002057a 4500
003 koha_MIRAKIL
005 20231213100140.0
008 231213b |||||||| |||| 00| 0 ||| d
020 _b978-9-75878196-6
040 _aTR-IsEVY
_btur
_cTR-IsEVY
082 _a520 USL/Ş
100 _aUslu, Tarık.
245 0 _aŞu acayip gökyüzü
250 _a39. bs.
260 _bUğurböceği Yayınları,
_c2016
300 _a155 s.
650 _aBilim -- Gökyüzü.
650 _aScience -- Celestial.
942 _2ddc
_cBK
999 _c15307
_d15307